| 000 | 00720nam a2200217 a 4500 | ||
|---|---|---|---|
| 001 | 4128 | ||
| 005 | 20140414131852.0 | ||
| 008 | 090209s19uu xx 00 eng d | ||
| 020 | _a0-8239-3502-7 | ||
| 050 |
_aM 602.3 _bB93 2002 |
||
| 100 | _aBurnett, Betty, 1940- | ||
| 245 |
_aCool careers without college for math and science wizards / _cBetty Burnett. |
||
| 260 |
_aNew York : _bThe Rosen, _cc2002. |
||
| 300 | _a144 p. : col., ill. cm. | ||
| 440 | _aCool careers without college | ||
| 500 | _aIncludes bibliographical references and index. | ||
| 650 |
_aMathematics _xVocational guidance. _xJuvenile literature. |
||
| 650 |
_aScience _xguidance. |
||
| 650 |
_aScience _xVocational guidance. |
||
| 999 |
_c110251 _d110251 |
||